000
00228pam a2200121 a 4500
020
_c
041
_h
245
_a
Environmental Con cerns Of India
260
_c
1996
300
_a
87
653
_a
Environment
930
_a
926
999
_c
246779
_d
246779